000 00710nam a2200217 i 4500
001 36419
003 ES-MaACL
005 20230906155350.0
007 t|
008 030218s1917 sp ||||1| spa d
100 1 _aBuisan Pellicer, Eduardo.
_932463
245 1 0 _aPara los niños /
_cDr. Buisan Pellicer, Aurea Galindo y Ortega, G. Quintilla Aramendía.
260 _aMadrid :
_b[s.n.],
_c1917 (
_fImprenta del Asilo de Huérfanos)
300 _a41 p. ;
_c21 cm.
490 1 _aBiblioteca "Pro infantia"
700 1 _aGalindo y Ortega, Aurea.
_953450
700 1 _aQuintilla Aramendía, G.
_994737
830 0 _aBiblioteca "Pro infantia"
_9183281
852 _aES-MaACL
_j1559-F-4
999 _c36419
_d36419